| 000 | 00614nam a2200217Ia 4500 | ||
|---|---|---|---|
| 008 | 170203s9999 xx 000 0 und d | ||
| 020 | _a9711900610 | ||
| 050 | _aFic | ||
| 050 | _b.V718f 1990 | ||
| 100 | _aVillanueva, Rene O. | ||
| 245 | _aAng Unang Baboy sa Langit / | ||
| 245 | _cRene O Villanueva; edited by Ibarra Cruz Crisostomo. | ||
| 260 | _aPhilippines : | ||
| 260 | _bCacho Publishing House, Inc. | ||
| 260 | _c1990 | ||
| 300 | _a20 pages : | ||
| 300 | _bColored Illustrations included, | ||
| 300 | _c26 X 18 cm | ||
| 440 | _aCPHI Trampoline Series. | ||
| 500 | _aIn Tagalog and English. | ||
| 999 |
_c306085 _d306085 |
||